Statistiken für Hauptstädte in der Nähe von Zagreb

Klicken Sie hier um das Quiz zu spielen!

Allgemein

  • Dieses Quiz wurde 89 mal gespielt
  • Das Durchschnittsergebnis liegt bei 18 aus 20

Antwortstatistiken

kmHauptstadt% Korrekt
269Wien
99%
368Belgrad
97%
300Budapest
97%
666Bern
96%
517Rom
96%
291Sarajevo
96%
814Bukarest
94%
117Ljubljana
94%
769Berlin
93%
273Bratislava
88%
489Prag
88%
588Tirana
88%
610Skopje
87%
459Podgorica
86%
680Sofia
86%
517Vaduz
86%
519Vatikanstadt
84%
542Priština
80%
802Warschau
77%
714Monaco
67%

Verteilung der Resultate

Perzentil nach korrekt beantworteten Fragen

Anzahl Personen mit jedem Resultat

Ihre Resultats-Entwicklung

Sie haben dieses Quiz noch nicht gespielt